00249nam a22000977a 4500008004100000082001300041100002100054245002500075260004200100300000900142230703b xxu||||| |||| 00| 0 eng d a351bWRA cRonald E. Wraith aEast African Citizen aLondonbOxford University Pressc1959 a238p